| 000 | 00447nam a2200169 4500 | ||
|---|---|---|---|
| 003 | SEACOMMC | ||
| 005 | 20240422104038.0 | ||
| 008 | 240422b |||||||| |||| 00| 0 eng d | ||
| 020 |
_a9788174462534 _c295.00 |
||
| 040 | _aSEACOMMC | ||
| 082 |
_a658.4038011 _bA769 |
||
| 100 | _aArora,Ashok | ||
| 245 | 1 |
_aManagement Information System _cAshok Arora, Akshaya Bhatia |
|
| 260 |
_aNew Delhi _bExcel Books _c1999 |
||
| 650 | _aManagement | ||
| 942 | _cBOOK | ||
| 999 |
_c529 _d529 |
||